000 01178nam a22003737a 4500
001 BR2024003064
003 BR-BrBNA
005 20241017161839.0
008 241017b bl.||||| |||| 00| 0 por d
040 _aBR-BrBNA
_bpor
041 _apor
072 _aF08 ; E11 ; E90
090 _aF08 BR2024003064
100 0 _aGonçalves, Carlos Walter Porto (org.)
110 _aCentro de Desenvolvimento Agroecológico do Cerrado, Goiânia, GO (Brasil)
_91466
245 _aOs cerrados vistos por seus povos: o agroextrativismo no cerrado
_bConvênio n. 42/2002 - Fundo Nacional do Meio Ambiente
260 _aGoiânia, GO (Brasil)
_c2008
300 _a300 p.
500 _aIncludes several bibliographies; 12 illus.; 28 tables
650 _aCERRADO
650 _aMEIO AMBIENTE
650 _aPOPULAÇÃO HUMANA
650 _aSISTEMA AGROFLORESTAL
650 _aAGROEXTRATIVISMO
650 _aBIODIVERSIDADE
650 _aSUSTENTABILIDADE
650 _aPRESERVAÇÃO DA NATUREZA
650 _aAGRICULTURA FAMILIAR
650 _aTERRITÓRIO
650 _aCONFLITOS AGRÁRIOS
650 _aSOCIOLOGIA RURAL
909 _a202410
_bFernando
942 _cBK
999 _c328170
_d328170